000 00588nam a22001937a 4500
003 CEME
005 20210628203052.0
008 210218b xxu||||| |||| 00| 0 eng d
020 _a0-471-37655-8
040 _c.
082 _a658.4012 BO
100 _aBoar, Bernard.H
_963148
245 _aThe art of strategic planning for information technology
250 _a2ND
260 _aNEW YORK
_bJOHN WILEY
_c2001
300 _aXVI,343P
650 _aMIS; MANAGEMENT INFORMATION SYSTMES; INFORMATION TECHNOLOGY-MANAGEMENT; STRATEGIC PLANING-DATA PROCESSING
_963149
942 _cBK
_2ddc
999 _c572062
_d572062